000 00925nam a2200229 4500
001 127950
003 ES-MaACL
005 20251118153318.0
007 t|
008 070214s1909 sp r ||||1| spa d
100 1 _aRivero de la Cuesta, Antonio.
_997695
245 1 4 _aLos juegos florales de Sevilla en 1909
_b: con una dedicatoria a la Reina de la Fiesta y a la Corte de Amor /
_cAntonio Rivero de la Cuesta.
260 _aMadrid :
_b[s. n.],
_c1909 (
_fImp. de los hijos de Fuentenebro)
300 _a56 p. ;
_c22 cm.
505 8 _aContiene: Discurso de Angel M. Camacho, Presidente del Ateneo de Sevilla ; discurso del mantenedor, Mario Méndez Bejarano
700 1 _aMéndez Bejarano, Mario,
_d1857-1931
_980142
700 1 _aCamacho, Angel M.
_933956
710 2 _aAteneo de Sevilla.
_92028
852 _aES-MaACL
_jT-1201-F-4
852 _aES-MaACL
_jL-4909 (16-1)
_z.- Donativo Roda
999 _c127950
_d127950